000
00312 a2200109 4500
001
ART_11292
005
20260410161856.0
008
260409a
245
1
0
_a
Hacia una programación monetaria
100
1
_a
Luna, Manuel
773
0
_t
Revista de Economía
_g
- Nº 28 (ene./dic. 1980)
_w
REV11077
999
_c
25435
_d
25435